<?xml version="1.0" encoding="UTF-8"?>
<record
    xmlns:xsi="http://www.w3.org/2001/XMLSchema-instance"
    xsi:schemaLocation="http://www.loc.gov/MARC21/slim http://www.loc.gov/standards/marcxml/schema/MARC21slim.xsd"
    xmlns="http://www.loc.gov/MARC21/slim">

  <leader>03323nam a2200409uu 4500</leader>
  <controlfield tag="001">1251139</controlfield>
  <controlfield tag="005">20260509101008.0</controlfield>
  <controlfield tag="007">co|||||||</controlfield>
  <controlfield tag="008">110804e20110804                    spa  </controlfield>
  <datafield tag="035" ind1=" " ind2=" ">
    <subfield code="a">1251139</subfield>
  </datafield>
  <datafield tag="040" ind1=" " ind2=" ">
    <subfield code="c">comduadb</subfield>
  </datafield>
  <datafield tag="041" ind1=" " ind2=" ">
    <subfield code="a">spa</subfield>
  </datafield>
  <datafield tag="080" ind1=" " ind2=" ">
    <subfield code="a">T/CD</subfield>
  </datafield>
  <datafield tag="082" ind1=" " ind2="4">
    <subfield code="a">155</subfield>
  </datafield>
  <datafield tag="100" ind1="1" ind2="0">
    <subfield code="a">Ospina Grisales, Sandra Milena</subfield>
    <subfield code="4">aut</subfield>
    <subfield code="e">aut</subfield>
    <subfield code="9">618251</subfield>
  </datafield>
  <datafield tag="245" ind1="1" ind2="0">
    <subfield code="a">Estudio cualitativo del s&#xED;ndrome de Burnout en los docentes de la Instituci&#xF3;n Educativa Ana de Castrill&#xF3;n de la ciudad de Medell&#xED;n para el 2010</subfield>
  </datafield>
  <datafield tag="260" ind1=" " ind2=" ">
    <subfield code="a">Medell&#xED;n :</subfield>
    <subfield code="b">[sin publicador],</subfield>
    <subfield code="c">2011.</subfield>
  </datafield>
  <datafield tag="300" ind1=" " ind2=" ">
    <subfield code="a">1 CD-ROM</subfield>
  </datafield>
  <datafield tag="520" ind1="3" ind2=" ">
    <subfield code="a">La presente investigaci&#xF3;n aborda el estudio cualitativo del sindrome de Burnot dentro de la instituci&#xF3;n educativa Ana de Castrill&#xF3;n de Medell&#xED;n para el 2010. La investigaci&#xF3;n surgi&#xF3; de la inquietud de reconocer dentro del ambito docencia la presencia del sindrome de Burnot o quemado por el trabajo o la posible existencia de factores desencadenantes que pudieran facilitar la aparici&#xF3;n del mismo afectando su salud fisica y mental
El estudio es de tipo hist&#xF3;rico hermen&#xE9;utico, con enfoque cualitativo y se emple&#xF3; como t&#xE9;cnica de recolecci&#xF3;n de informaci&#xF3;n la realizaci&#xF3;n discusi&#xF3;n grupal, a trav&#xE9;s de grupos focales. El total de participantes fue de 9 docentes divididos en dos jornadas de entrevista ma&#xF1;ana y tarde.
Las conclusiones del estudio se&#xF1;alan la existencia de factores contextuales como el prestigio, o valoraci&#xF3;n social, pol&#xED;ticas educativas entre otros, dentro de su labor influyen relaci&#xF3;n importante con sus percepciones, conocimientos y sensaciones frente al desarrollo de las caracter&#xED;sticas del Burnout.
La ausencia de acciones de un &#xE1;rea de Gesti&#xF3;n Humana, la carencia de programa de inducci&#xF3;n para los docentes que inician actividades en la instituci&#xF3;n, as&#xED; como conflictos interpersonales al interior con los compa&#xF1;eros de trabajo, predispone a los docentes de Ana de Castrill&#xF3;n a la aparici&#xF3;n de s&#xED;ntomas de Burnout de permanecer en el tiempo.
Por otro lado se identific&#xF3; como principal fuente de motivaci&#xF3;n junto con la vocaci&#xF3;n profesional, era el reconocimiento por parte del estudiante quienes a su vez aparece como una de las mayores fuentes generadoras de tensi&#xF3;n en docente, lo que puede llevar al docente a desarrollar el s&#xED;ndrome producto de la demanda constante de adaptaci&#xF3;n para poder llegar a &#xE9;l. Finalmente en t&#xE9;rminos de estrategia de afrontamiento fueron los hombres quienes m&#xE1;s estrategias de afrontamiento presentaron siendo la m&#xE1;s frecuente la reinterpretaci&#xF3;n cognitiva.</subfield>
  </datafield>
  <datafield tag="650" ind1=" " ind2=" ">
    <subfield code="a">S&#xED;ndrome de Burnout</subfield>
    <subfield code="9">172071</subfield>
  </datafield>
  <datafield tag="650" ind1=" " ind2=" ">
    <subfield code="a">Malestar docente</subfield>
    <subfield code="9">155583</subfield>
  </datafield>
  <datafield tag="650" ind1=" " ind2="7">
    <subfield code="a">Estr&#xE9;s laboral</subfield>
    <subfield code="2">embne</subfield>
    <subfield code="9">31310</subfield>
  </datafield>
  <datafield tag="650" ind1=" " ind2="7">
    <subfield code="a">Motivaci&#xF3;n (Psicolog&#xED;a)</subfield>
    <subfield code="2">lemb</subfield>
    <subfield code="9">19584</subfield>
  </datafield>
  <datafield tag="650" ind1=" " ind2=" ">
    <subfield code="a">Estrategias de afrontamiento</subfield>
    <subfield code="9">126522</subfield>
  </datafield>
  <datafield tag="650" ind1=" " ind2=" ">
    <subfield code="a">Estudios cualitativos</subfield>
    <subfield code="9">126144</subfield>
  </datafield>
  <datafield tag="650" ind1=" " ind2=" ">
    <subfield code="a">Desgaste profesional</subfield>
    <subfield code="9">158299</subfield>
  </datafield>
  <datafield tag="650" ind1=" " ind2=" ">
    <subfield code="a">Depresi&#xF3;n (Psicolog&#xED;a)</subfield>
    <subfield code="9">19795</subfield>
  </datafield>
  <datafield tag="650" ind1=" " ind2="7">
    <subfield code="a">Ansiedad</subfield>
    <subfield code="2">lemb</subfield>
    <subfield code="9">29167</subfield>
  </datafield>
  <datafield tag="650" ind1=" " ind2=" ">
    <subfield code="a">Docentes</subfield>
    <subfield code="9">59893</subfield>
  </datafield>
  <datafield tag="650" ind1=" " ind2="7">
    <subfield code="a">Psicolog&#xED;a industrial</subfield>
    <subfield code="2">lemb</subfield>
    <subfield code="9">100067</subfield>
  </datafield>
  <datafield tag="650" ind1=" " ind2="7">
    <subfield code="a">Motivaci&#xF3;n (Psicolog&#xED;a)</subfield>
    <subfield code="2">lemb</subfield>
    <subfield code="9">19584</subfield>
  </datafield>
  <datafield tag="700" ind1="1" ind2="0">
    <subfield code="a">Donado Montoya, Margarita Rosa</subfield>
    <subfield code="4">aut</subfield>
    <subfield code="e">aut</subfield>
    <subfield code="9">621816</subfield>
  </datafield>
  <datafield tag="700" ind1="1" ind2="0">
    <subfield code="a">Baez Ortega, Sandra Rocio</subfield>
    <subfield code="4">ths</subfield>
    <subfield code="e">ths</subfield>
    <subfield code="9">262650</subfield>
  </datafield>
  <datafield tag="942" ind1=" " ind2=" ">
    <subfield code="c">TESIS</subfield>
  </datafield>
  <datafield tag="999" ind1=" " ind2=" ">
    <subfield code="c">590120</subfield>
    <subfield code="d">590120</subfield>
  </datafield>
  <datafield tag="502" ind1=" " ind2=" ">
    <subfield code="b">105</subfield>
    <subfield code="c">12</subfield>
  </datafield>
  <datafield tag="526" ind1=" " ind2=" ">
    <subfield code="a">106</subfield>
  </datafield>
  <datafield tag="952" ind1=" " ind2=" ">
    <subfield code="0">0</subfield>
    <subfield code="1">0</subfield>
    <subfield code="4">0</subfield>
    <subfield code="7">0</subfield>
    <subfield code="8">TESDIGBC</subfield>
    <subfield code="a">BC</subfield>
    <subfield code="b">BC</subfield>
    <subfield code="d">2011-08-24</subfield>
    <subfield code="e">Material adquirido por donaci&#xF3;n</subfield>
    <subfield code="i">C1124165</subfield>
    <subfield code="l">0</subfield>
    <subfield code="o">155.93 O83 CD-ROM</subfield>
    <subfield code="p">0758159</subfield>
    <subfield code="r">2023-05-01 00:00:00</subfield>
    <subfield code="t">1</subfield>
    <subfield code="w">2023-05-01</subfield>
    <subfield code="y">DIGITAL</subfield>
  </datafield>
  <datafield tag="952" ind1=" " ind2=" ">
    <subfield code="0">0</subfield>
    <subfield code="1">0</subfield>
    <subfield code="4">0</subfield>
    <subfield code="7">0</subfield>
    <subfield code="8">DIGITAL</subfield>
    <subfield code="a">CISH</subfield>
    <subfield code="b">CISH</subfield>
    <subfield code="d">2011-08-04</subfield>
    <subfield code="i">C1123012</subfield>
    <subfield code="l">0</subfield>
    <subfield code="o">T/CD-08466</subfield>
    <subfield code="p">0625645</subfield>
    <subfield code="r">2023-05-01 00:00:00</subfield>
    <subfield code="t">1</subfield>
    <subfield code="w">2023-05-01</subfield>
    <subfield code="y">DIGITAL</subfield>
  </datafield>
</record>
